1697 1170 1387 1974 1196 1191 1456 1663 1177 1022 1553 1060 1629 1869 1469 1360 1190 1158 1054 1968 1532 1901 1451 1457 1825 1896 1601 1141 1569 1270 1952 1204 1161 1721 1495 1467 1848 1015 1932 1927 1952 1134 1778 1782 1286 1384 1682 1380 1952 1058 1789 1474 1893 1935 1963 1581 1683 1466 1991 1808 1299 1514 1781 1825 1996 1179 1409 1421 1143 1126 1217 1019 1421 1361 1733 1688 1361 1013 1097 1875 1722 1878 1707 1432 1655 1956 1265 1771 1460 1098 1300 1225 1989 1803 1077 1178 1731 1930 1354 BCNSPRNW ULIB Ver.6.0+V

เปลี่ยนเป็นภาษาไทย

Change to English
 แสดงรายละเอียดบรรณานุกรม
  กลับหน้าหลัก

Brief Record : Get Marc (ISO 2709) : E-mail record : QR code < ปิดหน้าต่าง
LEADER : 00000nam 2200000uu 4500
001    13399113512
003     ULIB
008    110824s2552||||th 000 0 tha d
020    9786117057106
090    นว.^bน574ก
100 0  นิตย์ ระวี
245 00 กรุ่นไอพิศวาส/^cนิตย์ ระวี
250    พิมพ์ครั้งที่ 1
260    กรุงเทพฯ :^bSimpy Book,^c2552
300    268 หน้า
710 1  Simpy Book
945    ^p195^l0^i026024
995    ทศพร
999     ^aใช้งานได้ทุกระบบ
รายการนี้ยังไม่มีแท็ก
คุณยังไม่ได้ล็อกอิน คุณสามารถมีกิจกรรมร่วมกับเว็บไซต์ได้ แต่ต้องล็อกอินก่อน ::
  ล็อกอิน

รายการสื่อสารสนเทศ

ลำดับที่ ประเภท เลขเรียก/บาร์โค้ด สถานที่ สถานะ
1. นวนิยาย
นวนิยาย
นว. น574ก ฉ.1 
  Barcode: 026024
ห้องสมุดวิทยาเขตสวรรค์ประชารักษ์
►นวนิยาย
บนชั้น
  ขอยืม

BibComment


ยังไม่เคยถูกคอมเมนท์

คอมเมนท์ทรัพยากรรายการนี้
  คอมเมนท์: กรุ่นไอพิศวาส นิต..


 Copyright 2026. Bcnsprnw @Library